[Event "22nd EUR-ch (w)"]
[Site "Prague CZE"]
[Date "2022.08.28"]
[Round "8.16"]
[White "Zawadzka, Jolanta"]
[Black "Gueci, Tea"]
[Result "1/2-1/2"]
[WhiteElo "2412"]
[BlackElo "2254"]
[EventDate "2022.08.20"]
[PlyCount "118"]

1.e4 c5 2.Nf3 Nc6 3.d4 cxd4 4.Nxd4 Nf6 5.Nc3 e5 6.Ndb5 d6 7.Bg5 a6 8.Na3 
b5 9.Nd5 Be7 10.Bxf6 Bxf6 11.c4 b4 12.Nc2 O-O 13.g3 a5 14.Bg2 g6 15.O-O 
Bg7 16.h4 h5 17.Qd3 Be6 18.Rad1 Qb8 19.b3 a4 20.Kh2 axb3 21.axb3 Qb7 22.
Nde3 Rfd8 23.Ra1 Qb6 24.Rfd1 Ra5 25.Bh3 Kh7 26.Kg2 Bf8 27.Rxa5 Nxa5 28.Ra1
Nb7 29.Nd5 Nc5 30.Qf3 Bxd5 31.cxd5 Qb7 32.g4 hxg4 33.Bxg4 Bh6 34.h5 Kg7 
35.Rh1 Rh8 36.hxg6 fxg6 37.Be6 Bf4 38.Rxh8 Kxh8 39.Bh3 Kg7 40.Kg1 Bd2 41.
Ne3 Bxe3 42.Qxe3 Qf7 43.Bg2 Qf4 44.Qe1 Nd3 45.Qe2 Qc1+ 46.Kh2 Qh6+ 47.Kg1 
Qc1+ 48.Kh2 Ne1 49.Qg4 Qf4+ 50.Qxf4 exf4 51.e5 dxe5 52.Be4 f3 53.Kg3 Kf6 
54.Kg4 Ke7 55.Bxg6 Kd6 56.Be4 Ng2 57.Kxf3 Nf4 58.Ke3 Nxd5+ 59.Kd3 Nb6 
1/2-1/2

[Event "22nd EUR-ch (w)"]
[Site "Prague CZE"]
[Date "2022.08.28"]
[Round "8.17"]
[White "Bulmaga, Irina"]
[Black "Eric, Jovana"]
[Result "1-0"]
[WhiteElo "2403"]
[BlackElo "2244"]
[EventDate "2022.08.20"]
[PlyCount "65"]

1.e4 c5 2.Nf3 d6 3.d4 cxd4 4.Nxd4 Nf6 5.Nc3 a6 6.f4 e5 7.Nb3 Nbd7 8.g4 d5 
9.exd5 Bb4 10.Bg2 Nb6 11.fxe5 Nfxd5 12.O-O Be6 13.Ne4 O-O 14.Ng5 h6 15.
Nxe6 fxe6 16.a3 Be7 17.Qd3 Qc7 18.Bxh6 Qxe5 19.Rae1 Rxf1+ 20.Qxf1 Qxb2 21.
Qe2 Qf6 22.Bd2 Bxa3 23.g5 Qe7 24.c4 Nc7 25.Qh5 Nd7 26.Be4 Nf8 27.Rf1 g6 
28.Bxg6 Nxg6 29.Qxg6+ Qg7 30.Qe4 b6 31.Rf6 Qe7 32.Qg6+ Qg7 33.Qh5 1-0

[Event "22nd EUR-ch (w)"]
[Site "Prague CZE"]
[Date "2022.08.28"]
[Round "8.18"]
[White "Milliet, Sophie"]
[Black "Kubicka, Anna"]
[Result "1-0"]
[WhiteElo "2391"]
[BlackElo "2237"]
[EventDate "2022.08.20"]
[PlyCount "53"]

1.e4 e5 2.Nf3 Nc6 3.Bb5 a6 4.Ba4 Nf6 5.O-O b5 6.Bb3 Bc5 7.a4 Bb7 8.d3 d6 
9.Bg5 h6 10.Bxf6 Qxf6 11.Bd5 O-O 12.c3 Rab8 13.b4 Bb6 14.Na3 Ne7 15.Bxb7 
Rxb7 16.axb5 axb5 17.Nxb5 Qg6 18.Na3 f5 19.Qe2 Qf6 20.exf5 Qxf5 21.Qe4 Qc8
22.d4 Rf4 23.Qe2 Qf5 24.Nc4 Ng6 25.Ra8+ Kh7 26.Ne3 Qf7 27.Ng5+ 1-0

[Event "22nd EUR-ch (w)"]
[Site "Prague CZE"]
[Date "2022.08.28"]
[Round "8.19"]
[White "Antolak, Julia"]
[Black "Martynkova, Olena"]
[Result "1/2-1/2"]
[WhiteElo "2378"]
[BlackElo "2182"]
[EventDate "2022.08.20"]
[PlyCount "127"]

1.e4 e5 2.Nf3 d6 3.d4 exd4 4.Nxd4 Nf6 5.Nc3 Be7 6.g3 O-O 7.Bg2 Re8 8.O-O 
c6 9.h3 a5 10.b3 Na6 11.Bb2 Nc5 12.Re1 Bf8 13.Qd2 a4 14.Rad1 axb3 15.axb3 
Qb6 16.Kh2 g6 17.f3 Qb4 18.Nde2 Ne6 19.Nc1 Be7 20.Nd3 Qb6 21.Na4 Qa5 22.
Bc3 Qc7 23.Qf2 Nd7 24.f4 b5 25.Nab2 Qb6 26.Qd2 Nec5 27.Nf2 Nf6 28.f5 Ncd7 
29.Nbd3 Bb7 30.g4 Qc7 31.Kg1 Ne5 32.Nxe5 dxe5 33.g5 Nh5 34.Ng4 Bc5+ 35.Kh2
Bf8 36.Qd7 Qxd7 37.Rxd7 Bc8 38.Rd2 b4 39.Ba1 Ra5 40.Ne3 Ba6 41.Bf1 gxf5 
42.exf5 Bxf1 43.Rxf1 e4 44.Nc4 Rd5 45.Re2 Bc5 46.Bb2 Ba7 47.Kg2 Bb8 48.Ne3
Nf4+ 49.Rxf4 Bxf4 50.Nxd5 cxd5 51.h4 h6 52.Kh3 hxg5 53.hxg5 Be5 54.Bxe5 
Rxe5 55.Kg4 e3 56.Kf4 Re4+ 57.Kf3 Re5 58.Rxe3 Rxf5+ 59.Kg4 Rf2 60.c3 bxc3 
61.Rxc3 Rd2 62.Kf5 Kg7 63.Rf3 Rd1 64.b4 1/2-1/2

[Event "22nd EUR-ch (w)"]
[Site "Prague CZE"]
[Date "2022.08.28"]
[Round "8.20"]
[White "Unuk, Laura"]
[Black "Toncheva, Nadya"]
[Result "1-0"]
[WhiteElo "2350"]
[BlackElo "2164"]
[EventDate "2022.08.20"]
[PlyCount "71"]

1.d4 d5 2.c4 dxc4 3.e4 e5 4.Nf3 Bb4+ 5.Nc3 exd4 6.Nxd4 Ne7 7.a3 Bxc3+ 8.
bxc3 O-O 9.Bxc4 c5 10.Nb5 Qxd1+ 11.Kxd1 Nbc6 12.Be3 b6 13.Ke2 Na5 14.Ba2 
Bd7 15.Rab1 Bc6 16.f3 Rfd8 17.Bf4 Rd7 18.Rhd1 Rxd1 19.Kxd1 Rd8+ 20.Ke2 Rd7
21.g4 Nc8 22.h4 Kf8 23.g5 Ke7 24.Nc7 Kd8 25.Nd5 c4 26.Ne3 b5 27.h5 Ne7 28.
Be5 g6 29.h6 Rd3 30.Rb2 Bd7 31.Bf6 Bc6 32.Bd4 Kc7 33.Bb1 Nb3 34.Bxd3 Nc1+ 
35.Kd2 Nxd3 36.Rb1 1-0

[Event "22nd EUR-ch (w)"]
[Site "Prague CZE"]
[Date "2022.08.28"]
[Round "8.21"]
[White "Heinemann, Josefine"]
[Black "Lach, Aleksandra"]
[Result "0-1"]
[WhiteElo "2321"]
[BlackElo "2152"]
[EventDate "2022.08.20"]
[PlyCount "82"]

1.e4 c5 2.Nf3 d6 3.d4 cxd4 4.Nxd4 Nf6 5.Nc3 g6 6.Be3 Bg7 7.f3 O-O 8.Qd2 
Nc6 9.O-O-O d5 10.exd5 Nxd5 11.Nxc6 bxc6 12.Bd4 e5 13.Bc5 Re8 14.Ne4 Qc7 
15.h4 f5 16.Nd6 Rd8 17.Nxc8 Raxc8 18.Bc4 h5 19.Kb1 Kh7 20.Qe1 Rb8 21.Bb3 
a5 22.a4 Re8 23.g4 e4 24.gxh5 gxh5 25.Rg1 Bf6 26.Qe2 e3 27.Qd3 Qc8 28.Bd4 
Qe6 29.Bxf6 Qxf6 30.Rg5 e2 31.Re1 Nf4 32.Qc4 Rb4 33.Qa6 Kh6 34.Qxa5 Nd3 
35.c3 Nxe1 36.Rxf5 Qg6 37.Ka2 Nd3 38.cxb4 e1=Q 39.Rg5 Nxb4+ 40.Ka3 Qa1+ 
41.Kxb4 Rb8+ 0-1

[Event "22nd EUR-ch (w)"]
[Site "Prague CZE"]
[Date "2022.08.28"]
[Round "8.22"]
[White "Rakhmangulova, Anastasiya"]
[Black "Garcia Martin, Marta"]
[Result "1-0"]
[WhiteElo "2244"]
[BlackElo "2305"]
[EventDate "2022.08.20"]
[PlyCount "87"]

1.e4 c5 2.Nf3 Nc6 3.d4 cxd4 4.Nxd4 Nf6 5.Nc3 d6 6.Bg5 Bd7 7.Qd2 a6 8.O-O-O
e6 9.f3 Nxd4 10.Qxd4 Be7 11.h4 Qc7 12.g4 b5 13.Be3 O-O 14.g5 Nh5 15.Bh3 b4
16.Qxb4 Rab8 17.Qd4 Rfc8 18.Rd2 g6 19.Bg4 Bf8 20.e5 d5 21.Bxh5 gxh5 22.Qd3
Qa5 23.Bd4 Rb4 24.Kb1 Rbc4 25.Ne2 Bb5 26.Qe3 Ra4 27.Nc1 Qc7 28.b3 Rxd4 29.
Qxd4 Bc5 30.Qf4 a5 31.a4 Qb6 32.axb5 Be3 33.Qh2 Bxd2 34.Qxd2 Qxb5 35.Qe2 
Qb4 36.Nd3 Qd4 37.Nb2 Qf4 38.Nd3 Qd4 39.Nb2 Rc3 40.f4 Qxf4 41.Rf1 Qxh4 42.
Qb5 Qb4 43.Qd7 Qf8 44.Nd3 1-0

[Event "22nd EUR-ch (w)"]
[Site "Prague CZE"]
[Date "2022.08.28"]
[Round "8.23"]
[White "Schulze, Lara"]
[Black "Rodshtein, Tereza"]
[Result "1/2-1/2"]
[WhiteElo "2297"]
[BlackElo "2154"]
[EventDate "2022.08.20"]
[PlyCount "113"]

1.e4 e5 2.Nf3 Nc6 3.Bc4 Nf6 4.d3 Bc5 5.Bg5 h6 6.Bh4 a6 7.c3 g5 8.Bg3 d6 9.
Nbd2 O-O 10.O-O Bg4 11.h3 Bh5 12.b4 Ba7 13.a4 Kg7 14.b5 axb5 15.axb5 Ne7 
16.Qc2 Bxf3 17.Nxf3 Nh5 18.Bh2 Ng6 19.d4 Qf6 20.Bd5 Bb6 21.Rxa8 Rxa8 22.
dxe5 dxe5 23.Bxb7 Rb8 24.Bc6 Nhf4 25.Bxf4 Nxf4 26.Bd7 Rd8 27.Rd1 Qe7 28.
Bc6 Rxd1+ 29.Qxd1 Qc5 30.Qd2 Kf6 31.Nh2 h5 32.Nf3 Kg6 33.Bd7 Qd6 34.Qxd6+ 
cxd6 35.Nd2 Ne2+ 36.Kf1 Nxc3 37.Nc4 Na4 38.Nxd6 Kf6 39.Bc6 Bc5 40.Nc4 Nb6 
41.Nd2 Nc8 42.Ke2 Nb6 43.Nb3 Bb4 44.Kd3 Be1 45.f3 h4 46.Nd2 Bxd2 47.Kxd2 
Ke7 48.Kc3 Kd6 49.Kb4 f6 50.Be8 Nc8 51.Bg6 Nb6 52.Bf5 Na8 53.Ka5 Kc7 54.
Bg4 Nb6 55.Be6 Na8 56.Bf5 Nb6 57.Be6 1/2-1/2

[Event "22nd EUR-ch (w)"]
[Site "Prague CZE"]
[Date "2022.08.28"]
[Round "8.24"]
[White "Kanakova, Natalie"]
[Black "Belenkaya, Dina"]
[Result "0-1"]
[WhiteElo "2171"]
[BlackElo "2293"]
[EventDate "2022.08.20"]
[PlyCount "186"]

1.Nf3 Nf6 2.c4 e6 3.e3 d5 4.b3 b6 5.Bb2 Bb7 6.Nc3 a6 7.cxd5 exd5 8.d4 Bd6 
9.Bd3 Nbd7 10.O-O O-O 11.Rc1 Ne4 12.Qc2 f5 13.Ne2 Rf6 14.Ne5 Rh6 15.f3 Qh4
16.h3 Ndf6 17.Qd1 Qg5 18.fxe4 Qxe3+ 19.Rf2 fxe4 20.Bb1 Qg5 21.Nf4 Bc8 22.
Rc3 c5 23.Qc1 Qh4 24.g3 Qg5 25.Nxd5 Qxc1+ 26.Rxc1 Nxd5 27.Bxe4 Be6 28.Nf7 
Bxf7 29.Rxf7 Nb4 30.Rxg7+ Kxg7 31.dxc5+ Kf7 32.Bxa8 Bxc5+ 33.Kg2 Rd6 34.
Rf1+ Kg8 35.Bc1 Nxa2 36.Bf4 Rd8 37.Be4 Nc3 38.Bf5 Re8 39.Bg4 Ne2 40.Bh6 
Re5 41.Rd1 Kf7 42.Rd7+ Kg6 43.Bd2 a5 44.h4 h5 45.Bf3 Nd4 46.Bd1 Nf5 47.Bf4
Ne3+ 48.Kf3 Re8 49.Be2 Ng4 50.Bd3+ Kf6 51.Rh7 Ne5+ 52.Ke2 Nxd3+ 53.Kxd3 
Rd8+ 54.Kc2 Rd5 55.Bg5+ Kg6 56.Rh6+ Kf5 57.Rxh5 Kg4 58.Rh8 Kxg3 59.Rg8 Kg4
60.Bd8+ Kf4 61.Re8 Kg4 62.Bg5 Bb4 63.Re4+ Kf3 64.Rf4+ Kg3 65.Rf6 b5 66.Ra6
Kf3 67.Rf6+ Ke2 68.Re6+ Kf3 69.Rf6+ Kg3 70.Ra6 Rc5+ 71.Kb2 Bc3+ 72.Kb1 Rd5
73.Kc2 Bb4 74.Rg6 Kg4 75.Bd8+ Kf3 76.Rf6+ Ke4 77.Re6+ Kf5 78.Re8 Rd2+ 79.
Kc1 Rh2 80.Rg8 Ke4 81.Rg4+ Kf3 82.Rg5 Bd2+ 83.Kb1 Bxg5 84.hxg5 a4 85.bxa4 
bxa4 86.Bf6 Rg2 87.Ka1 Ke4 88.Kb1 Kd5 89.Ka1 Kc4 90.Kb1 Kb3 91.Kc1 a3 92.
Kd1 a2 93.Ke1 Rb2 0-1

[Event "22nd EUR-ch (w)"]
[Site "Prague CZE"]
[Date "2022.08.28"]
[Round "8.25"]
[White "Koridze, Lile"]
[Black "Blagojevic, Tijana"]
[Result "0-1"]
[WhiteElo "2081"]
[BlackElo "2291"]
[EventDate "2022.08.20"]
[PlyCount "104"]

1.d4 d5 2.c4 e6 3.Nf3 Nf6 4.g3 Bb4+ 5.Bd2 a5 6.Bg2 O-O 7.O-O dxc4 8.Bg5 
Nc6 9.e3 h6 10.Bxf6 Qxf6 11.Nbd2 e5 12.dxe5 Nxe5 13.Nxe5 Qxe5 14.Nxc4 Qb5 
15.Rc1 Be6 16.Qc2 c6 17.Rfd1 Rfd8 18.b3 Be7 19.Bf1 Qc5 20.Rxd8+ Rxd8 21.
Rd1 Rd5 22.Qe2 Rxd1 23.Qxd1 a4 24.Qd3 Qb4 25.Qd2 Qxd2 26.Nxd2 Bb4 27.Nc4 
a3 28.Bd3 f6 29.e4 Kf8 30.Kf1 Ke7 31.Ke2 b5 32.Ne3 Bc3 33.Nc2 Bb2 34.Ke3 
Kd6 35.f4 Kc5 36.Be2 Bc1+ 37.Kd3 Bb2 38.Bf3 Kb6 39.Nb4 Kc5 40.Nc2 Bf7 41.
Bd1 Kd6 42.Ne3 g6 43.Bc2 c5 44.Bb1 h5 45.h3 Bc1 46.h4 Bxe3 47.Kxe3 b4 48.
Kd2 c4 49.bxc4 Kc5 50.e5 fxe5 51.fxe5 Bxc4 52.Bxg6 b3 0-1

[Event "22nd EUR-ch (w)"]
[Site "Prague CZE"]
[Date "2022.08.28"]
[Round "8.26"]
[White "Dolzhykova, Kateryna"]
[Black "Rudzinska, Michalina"]
[Result "1/2-1/2"]
[WhiteElo "2139"]
[BlackElo "2287"]
[EventDate "2022.08.20"]
[PlyCount "74"]

1.e4 c6 2.d4 d5 3.e5 Bf5 4.h4 h6 5.Bd3 Bxd3 6.Qxd3 e6 7.Ne2 Qa5+ 8.Bd2 Qa6
9.Qh3 c5 10.Nbc3 Nc6 11.Be3 cxd4 12.Nxd4 Nxd4 13.Bxd4 Ne7 14.O-O-O Nc6 15.
Kb1 O-O-O 16.f4 Nxd4 17.Rxd4 Kb8 18.f5 Rd7 19.Rhd1 Bc5 20.Rg4 Rg8 21.Qg3 
Rc7 22.fxe6 fxe6 23.Rg6 Bb4 24.Qd3 Bxc3 25.Qxa6 bxa6 26.bxc3 Re7 27.c4 
dxc4 28.Rd6 c3 29.Rgxe6 Rf8 30.a4 Rb7+ 31.Ka2 Rb2+ 32.Ka3 Rc8 33.Rc6 Rxc6 
34.Rxc6 Rxc2 35.Kb3 Re2 36.Kxc3 Rxe5 37.Rg6 Re7 1/2-1/2

[Event "22nd EUR-ch (w)"]
[Site "Prague CZE"]
[Date "2022.08.28"]
[Round "8.27"]
[White "Hajiyeva, Laman"]
[Black "Doluhanova, Evgeniya"]
[Result "1-0"]
[WhiteElo "2042"]
[BlackElo "2278"]
[EventDate "2022.08.20"]
[PlyCount "73"]

1.e4 e5 2.Nf3 Nc6 3.Bc4 Bc5 4.c3 Nf6 5.d4 exd4 6.e5 d5 7.Bb5 Ne4 8.cxd4 
Bb6 9.Nc3 Bg4 10.Be3 Ba5 11.Rc1 O-O 12.h3 Bxf3 13.gxf3 Nxc3 14.bxc3 Ne7 
15.Bg5 f6 16.exf6 gxf6 17.Bh6 Rf7 18.f4 f5 19.Rg1+ Ng6 20.Qh5 Kh8 21.Bd3 
Qf6 22.Kf1 Re8 23.Rg5 Bxc3 24.Rxf5 Qxd4 25.Rxf7 Qxd3+ 26.Kg1 Bd4 27.Rxh7+ 
Kxh7 28.Rxc7+ Ne7 29.Bf8+ Kg8 30.Bxe7 Bxf2+ 31.Kxf2 Qd2+ 32.Qe2 Qxf4+ 33.
Kg2 Qxc7 34.Qe6+ Kg7 35.Qf6+ Kh7 36.Qf7+ Kh6 37.Bf8+ 1-0

[Event "22nd EUR-ch (w)"]
[Site "Prague CZE"]
[Date "2022.08.28"]
[Round "8.28"]
[White "Van Foreest, Machteld"]
[Black "Daulyte-Cornette, Deimante"]
[Result "0-1"]
[WhiteElo "2235"]
[BlackElo "2384"]
[EventDate "2022.08.20"]
[PlyCount "70"]

1.e4 e5 2.Nf3 Nc6 3.Bc4 Nf6 4.d3 Bc5 5.c3 a6 6.Bb3 Ba7 7.h3 h6 8.Nbd2 O-O 
9.Nf1 d5 10.Qe2 Be6 11.g4 dxe4 12.dxe4 Bxb3 13.axb3 Qd7 14.Ng3 Rfe8 15.Nf5
Rad8 16.Ng3 Qe6 17.g5 hxg5 18.Nxg5 Qxb3 19.Nh5 Rd6 20.O-O Nxh5 21.Qxh5 Rh6
22.Qg4 Rg6 23.Qh5 Qc4 24.Re1 Rh6 25.Qg4 Nd8 26.Ra5 b5 27.Rd1 Bb6 28.Qd7 
Rf8 29.Rxa6 Ne6 30.Ra1 Qe2 31.Rf1 Rg6 32.h4 Qg4+ 33.Kh2 Qxh4+ 34.Nh3 Rd8 
35.Qxb5 Bxf2 0-1

[Event "22nd EUR-ch (w)"]
[Site "Prague CZE"]
[Date "2022.08.28"]
[Round "8.29"]
[White "Melia, Salome"]
[Black "Lehaci, Miruna-Daria"]
[Result "1-0"]
[WhiteElo "2384"]
[BlackElo "2186"]
[EventDate "2022.08.20"]
[PlyCount "125"]

1.e4 c5 2.Nf3 Nc6 3.d4 cxd4 4.Nxd4 Nf6 5.Nc3 d6 6.Bg5 a6 7.Qd2 e6 8.O-O-O 
Bd7 9.f3 Be7 10.Nxc6 bxc6 11.Bc4 Qc7 12.Bf4 e5 13.Bg5 Be6 14.Bxf6 gxf6 15.
Bb3 Bxb3 16.axb3 O-O-O 17.Qd3 Kb7 18.Qc4 Bf8 19.Rd3 Rd7 20.b4 Bh6+ 21.Kb1 
Rb8 22.Rhd1 Bf8 23.b3 Qc8 24.Kb2 Rc7 25.Ra1 Ra8 26.Rdd1 Kb8 27.Qd3 Rca7 
28.Ra4 Qb7 29.Qe3 Kc7 30.Rda1 Qb6 31.Qd3 Bh6 32.Rd1 Bf8 33.Qc4 Kb8 34.Qe2 
Rd7 35.f4 Kb7 36.Qg4 Rc7 37.Qf5 Qf2 38.Qxh7 Qxf4 39.Qh3 Qf2 40.Rda1 Qb6 
41.Qd3 Rcc8 42.Rf1 Be7 43.Qc4 Rf8 44.h4 Qd4 45.Qe2 Qb6 46.h5 Rh8 47.g4 
Rhg8 48.Qc4 Rgf8 49.h6 Qc7 50.h7 Bd8 51.Rfa1 Qb6 52.Rh1 Be7 53.Raa1 Rac8 
54.Rh3 Rce8 55.Rah1 Rh8 56.Qxf7 Qxb4 57.Rh6 Kb6 58.Rg6 d5 59.Rg8 Rd8 60.
Rxd8 Bxd8 61.exd5 f5 62.dxc6 Be7 63.Nd5+ 1-0

[Event "22nd EUR-ch (w)"]
[Site "Prague CZE"]
[Date "2022.08.28"]
[Round "8.30"]
[White "Zhukova, Natalia"]
[Black "Calzetta Ruiz, Monica"]
[Result "1/2-1/2"]
[WhiteElo "2335"]
[BlackElo "2230"]
[EventDate "2022.08.20"]
[PlyCount "100"]

1.d4 d5 2.c4 e6 3.Nc3 c5 4.cxd5 cxd4 5.Qxd4 Nc6 6.Qd1 exd5 7.Qxd5 Bd6 8.
Nf3 Nf6 9.Qd1 O-O 10.g3 Qb6 11.Bg2 Rd8 12.Qb3 Qxb3 13.axb3 Be6 14.O-O Bxb3
15.Bg5 Be7 16.Bf4 Nd5 17.Nxd5 Bxd5 18.Rfd1 Bf6 19.Rd2 Be4 20.Rxd8+ Rxd8 
21.Nd2 Bxb2 22.Ra2 Bxg2 23.Rxb2 Bh3 24.f3 Bc8 25.Nc4 b6 26.Ne5 Nxe5 27.
Bxe5 Be6 28.Kf2 f6 29.Bf4 Bc4 30.e4 b5 31.e5 fxe5 32.Bxe5 a5 33.Bc7 Ra8 
34.Rd2 a4 35.Rd8+ Rxd8 36.Bxd8 Kf7 37.Ba5 a3 38.Ke3 Ke6 39.Kd4 g5 40.Bb4 
a2 41.Bc3 Be2 42.Ke3 Bd1 43.h4 gxh4 44.gxh4 Kd5 45.Bg7 b4 46.Kd2 Bxf3 47.
Kc1 Ke6 48.Kb2 Kf7 49.Bd4 Bd5 50.Ka1 Kg6 1/2-1/2

[Event "22nd EUR-ch (w)"]
[Site "Prague CZE"]
[Date "2022.08.28"]
[Round "8.31"]
[White "Papp, Sarah"]
[Black "Pavlidou, Ekaterini"]
[Result "1-0"]
[WhiteElo "2290"]
[BlackElo "2158"]
[EventDate "2022.08.20"]
[PlyCount "125"]

1.e4 c5 2.Nf3 Nc6 3.Bb5 Qc7 4.O-O Nf6 5.Re1 a6 6.Bxc6 dxc6 7.e5 Nd5 8.h3 
h6 9.d3 Bf5 10.Nbd2 e6 11.a3 O-O-O 12.Ne4 g5 13.c4 Nb6 14.Qe2 g4 15.hxg4 
Bxg4 16.Bf4 Kb8 17.b4 cxb4 18.axb4 Bxb4 19.Reb1 c5 20.Bd2 Bxd2 21.Nexd2 
Rhg8 22.Rb3 Qc6 23.Rab1 Na4 24.Rxb7+ Ka8 25.Qe3 Bf5 26.R7b3 Rg4 27.Ra1 Rb8
28.Rba3 Rb4 29.Qxh6 Qe8 30.Qe3 Qc6 31.Nf1 Rg8 32.Ng3 Rgb8 33.Nd2 Bg6 34.
Nge4 R8b6 35.Nd6 Nb2 36.Qh3 Ra4 37.Rxa4 Nxa4 38.Qh8+ Rb8 39.Qf6 Nb2 40.Qf3
Rb6 41.N2e4 Bxe4 42.Nxe4 Rb7 43.Qe3 Na4 44.Nd6 Rb2 45.Qg5 Nc3 46.Qg8+ Rb8 
47.Qxf7 Ne2+ 48.Kf1 Nd4 49.Qh7 Rb3 50.Qe4 Ka7 51.Qh7+ Ka8 52.f4 Nc2 53.Ra2
Ne3+ 54.Kg1 Rb1+ 55.Kh2 Nf1+ 56.Kh3 Rb8 57.Qe4 Rh8+ 58.Kg4 Qxe4 59.Rxa6+ 
Kb8 60.Nxe4 Ne3+ 61.Kf3 Nf5 62.Nxc5 Rd8 63.g4 1-0

[Event "22nd EUR-ch (w)"]
[Site "Prague CZE"]
[Date "2022.08.28"]
[Round "8.32"]
[White "Kazarian, Anna-Maja"]
[Black "Mkrtchian, Mariam"]
[Result "0-1"]
[WhiteElo "2139"]
[BlackElo "2285"]
[EventDate "2022.08.20"]
[PlyCount "72"]

1.e4 c6 2.d4 d5 3.e5 Bf5 4.h4 h5 5.Bg5 Qb6 6.Bd3 Qxd4 7.Nf3 Qg4 8.Bxf5 
Qxf5 9.c4 Qe4+ 10.Be3 e6 11.Qb3 Qxc4 12.Qxb7 Qb4+ 13.Qxb4 Bxb4+ 14.Nbd2 
Nd7 15.Rc1 Ne7 16.Ke2 c5 17.Nb3 c4 18.a3 Bxa3 19.bxa3 cxb3 20.Rc7 a5 21.a4
Ng6 22.Rb1 Ngxe5 23.Ng5 Rb8 24.Ba7 Ke7 25.f4 Nc4 26.Nxf7 Kxf7 27.Rxd7+ Kg6
28.Bd4 Rhg8 29.Kd3 b2 30.Re7 Rb3+ 31.Bc3 Rc8 32.Kc2 Rb6 33.Kd3 Rb3 34.Kc2 
Rcb8 35.g4 Na3+ 36.Kd3 Rxc3+ 0-1

[Event "22nd EUR-ch (w)"]
[Site "Prague CZE"]
[Date "2022.08.28"]
[Round "8.33"]
[White "Nilssen, Ellen Fredericia"]
[Black "Sieber, Fiona"]
[Result "1/2-1/2"]
[WhiteElo "2139"]
[BlackElo "2280"]
[EventDate "2022.08.20"]
[PlyCount "114"]

1.d4 Nf6 2.c4 e6 3.Nf3 d5 4.Nc3 a6 5.cxd5 exd5 6.Bg5 Be6 7.e3 Nbd7 8.Bd3 
c6 9.O-O Bd6 10.Bf4 Qc7 11.Qd2 O-O 12.h3 Rfe8 13.Rfe1 Nh5 14.Bxd6 Qxd6 15.
e4 Qf4 16.exd5 cxd5 17.Qxf4 Nxf4 18.Bf1 Nf6 19.Rac1 Bf5 20.Rxe8+ Rxe8 21.
Na4 Be4 22.Ne1 Ne6 23.Rd1 Rc8 24.Nc3 Kf8 25.f3 Bg6 26.Kf2 Ke7 27.g3 Kd6 
28.Ng2 h5 29.h4 Ng8 30.Ne3 Ne7 31.Bd3 Bxd3 32.Rxd3 f6 33.Rd1 g5 34.Rh1 Rh8
35.Nc2 Nf5 36.hxg5 fxg5 37.g4 Nfg7 38.gxh5 Rxh5 39.Rxh5 Nxh5 40.Ke3 Ng3 
41.Ne2 Nf5+ 42.Kd3 a5 43.Kd2 b5 44.Kd3 Kc6 45.Kd2 b4 46.Kd3 Nh4 47.Ke3 Kb5
48.b3 Nf5+ 49.Kd3 Kc6 50.Kd2 Nd6 51.a4 Nf5 52.Kd3 Kd6 53.Kd2 Ke7 54.Kd3 
Nh4 55.Ke3 Kf6 56.Ne1 Nf5+ 57.Kd3 Nh4 1/2-1/2

[Event "22nd EUR-ch (w)"]
[Site "Prague CZE"]
[Date "2022.08.28"]
[Round "8.34"]
[White "Gaboian, Susanna"]
[Black "Sochorova, Petra"]
[Result "1-0"]
[WhiteElo "2270"]
[BlackElo "2019"]
[EventDate "2022.08.20"]
[PlyCount "81"]

1.Nf3 f5 2.g3 Nf6 3.Bg2 g6 4.O-O Bg7 5.d3 O-O 6.e4 d6 7.exf5 Bxf5 8.c3 Kh8
9.Nd4 Bc8 10.Qb3 c6 11.Ne6 Bxe6 12.Qxe6 Na6 13.d4 Nd5 14.Nd2 Nac7 15.Qe2 
Qd7 16.Nf3 Rae8 17.c4 Nf6 18.b3 e5 19.dxe5 Ng4 20.Bb2 Nxe5 21.Nxe5 Bxe5 
22.Rad1 Qg7 23.Bxe5 Rxe5 24.Qd2 Ne8 25.Rfe1 Rxe1+ 26.Rxe1 Qf6 27.Qe3 a6 
28.f4 Ng7 29.Qb6 Nf5 30.Qxb7 Qd4+ 31.Kh1 Qd2 32.Rg1 Qxa2 33.Qxc6 Qxb3 34.
g4 Ne3 35.Qxd6 Rb8 36.Qe5+ Kg8 37.Bf3 Rd8 38.Re1 Rd3 39.Rxe3 Rxe3 40.Bd5+ 
Kf8 41.Qf6+ 1-0

[Event "22nd EUR-ch (w)"]
[Site "Prague CZE"]
[Date "2022.08.28"]
[Round "8.35"]
[White "Krasteva, Beloslava"]
[Black "Huda, Maryana"]
[Result "1-0"]
[WhiteElo "2269"]
[BlackElo "2128"]
[EventDate "2022.08.20"]
[PlyCount "79"]

1.d4 Nf6 2.c4 e6 3.Nc3 Bb4 4.e3 b6 5.Bd3 Bb7 6.f3 c5 7.Ne2 cxd4 8.exd4 O-O
9.a3 Bxc3+ 10.Nxc3 d5 11.O-O dxc4 12.Bxc4 Nc6 13.Be3 Na5 14.Bd3 Nd5 15.Bf2
Nxc3 16.bxc3 Bd5 17.Re1 Rc8 18.Qc2 h6 19.Bg3 Qe7 20.Qb2 Rfd8 21.Ba6 Bb7 
22.Bf1 Bd5 23.Qb4 Qd7 24.Bb5 Bc6 25.Bd3 Bd5 26.Rac1 Bc4 27.Bc2 Qb5 28.Ba4 
Qa6 29.Bh4 Rd5 30.Qe7 b5 31.Bc2 Nc6 32.Rxe6 Rdd8 33.Rd6 Re8 34.Qd7 Be6 35.
Rxe6 fxe6 36.Bg6 Nb8 37.Qf7+ Kh8 38.Bf6 Rg8 39.Be5 Rcf8 40.Bxg7+ 1-0

[Event "22nd EUR-ch (w)"]
[Site "Prague CZE"]
[Date "2022.08.28"]
[Round "8.36"]
[White "Sliwicka, Alicja"]
[Black "Butenandt, Svenja"]
[Result "1-0"]
[WhiteElo "2260"]
[BlackElo "2032"]
[EventDate "2022.08.20"]
[PlyCount "49"]

1.e4 c6 2.d4 d5 3.e5 Bf5 4.h4 Qc7 5.c4 e6 6.Nc3 h6 7.Nge2 dxc4 8.Ng3 Bh7 
9.Bxc4 Ne7 10.O-O Nd7 11.Be3 O-O-O 12.Qf3 Nb6 13.Bb3 Ned5 14.Rfc1 Kb8 15.
Bd2 Qe7 16.a4 Qxh4 17.a5 Nd7 18.Nxd5 cxd5 19.Qc3 a6 20.Ba4 Qe7 21.Qc7+ Ka8
22.Bb4 Qe8 23.Bxf8 Rxf8 24.Rc3 f6 25.Rb3 1-0

[Event "22nd EUR-ch (w)"]
[Site "Prague CZE"]
[Date "2022.08.28"]
[Round "8.37"]
[White "Marcinczyk, Monika"]
[Black "Gajcin, Marina"]
[Result "1-0"]
[WhiteElo "1934"]
[BlackElo "2244"]
[EventDate "2022.08.20"]
[PlyCount "143"]

1.e4 c5 2.Nf3 Nc6 3.d4 cxd4 4.Nxd4 Nf6 5.Nc3 e5 6.Ndb5 d6 7.Nd5 Nxd5 8.
exd5 Nb8 9.Be3 Be7 10.a4 a6 11.Na3 Nd7 12.Nc4 O-O 13.Be2 f5 14.f3 Bg5 15.
Bf2 Qf6 16.a5 Qh6 17.O-O Be7 18.Bd3 f4 19.Nd2 Qh5 20.Re1 Rf6 21.c4 Rh6 22.
Nf1 Nf6 23.b4 g5 24.c5 g4 25.cxd6 Bxd6 26.Bc5 Ne8 27.fxg4 Bxg4 28.Be2 Rg6 
29.Bxg4 Rxg4 30.Qf3 Rg5 31.Nd2 Rd8 32.Rad1 Nf6 33.Qxh5 Rxh5 34.Ne4 Nxe4 
35.Rxe4 Kf7 36.g3 fxg3 37.hxg3 Ke7 38.Kg2 Rg8 39.Rde1 Kd7 40.Rf1 Rg7 41.
Rf6 Bxc5 42.bxc5 Rhg5 43.Re3 e4 44.Rb3 Kc7 45.c6 bxc6 46.Rxc6+ Kd8 47.Rb8+
Kd7 48.Rb7+ Kd8 49.Rxg7 Rxg7 50.Rxa6 Rg5 51.Rd6+ Kc7 52.Rc6+ Kb7 53.a6+ 
Ka7 54.d6 h5 55.Kf2 e3+ 56.Kf3 Re5 57.Ke2 Re4 58.d7 Rd4 59.Kxe3 Rxd7 60.
Kf4 Rd4+ 61.Kf5 Rg4 62.Rg6 Ra4 63.Kg5 Ra5+ 64.Kh4 Kb8 65.Rh6 Kc7 66.a7 Kb7
67.Rxh5 Ra4+ 68.g4 Kxa7 69.Rb5 Ka6 70.Rb1 Rc4 71.Kh5 Rc8 72.g5 1-0

[Event "22nd EUR-ch (w)"]
[Site "Prague CZE"]
[Date "2022.08.28"]
[Round "8.38"]
[White "Lomaia, Diana"]
[Black "Vega Gutierrez, Sabrina"]
[Result "1/2-1/2"]
[WhiteElo "1955"]
[BlackElo "2366"]
[EventDate "2022.08.20"]
[PlyCount "136"]

1.d4 Nf6 2.c4 e6 3.Nc3 d5 4.cxd5 exd5 5.Bg5 Be7 6.e3 c6 7.Bd3 Nbd7 8.Qc2 
Nh5 9.Bxe7 Qxe7 10.O-O-O Nb6 11.Nf3 Be6 12.Ne5 g6 13.h4 O-O-O 14.Na4 Nxa4 
15.Qxa4 f6 16.Nf3 Kb8 17.Kb1 Ng7 18.Ka1 Bf5 19.Be2 Ne8 20.Rc1 Nd6 21.Qb4 
Rhe8 22.Nd2 Ka8 23.Qa5 Bc8 24.Rc3 f5 25.Ra3 a6 26.Nf3 Nf7 27.Rc1 Rd6 28.g3
h6 29.Rb3 Qd8 30.Qb4 Qc7 31.Ne1 Rf6 32.Nd3 Rd8 33.Nc5 a5 34.Ra3 b6 35.Nb3 
Bb7 36.Nxa5 bxa5 37.Rxa5+ Kb8 38.Qc5 Nd6 39.Qa7+ Kc8 40.g4 Nc4 41.Bxc4 
dxc4 42.g5 hxg5 43.hxg5 Rfd6 44.Rxc4 Rd5 45.Rxd5 Rxd5 46.Qa3 Qh2 47.Rc1 
Qxf2 48.Qf8+ Rd8 49.Qf6 Qg3 50.Qxg6 Qxe3 51.Qxf5+ Kb8 52.Qe5+ Qxe5 53.dxe5
Re8 54.Rg1 c5 55.g6 Kc7 56.g7 Bd5 57.b3 Rxe5 58.g8=Q Bxg8 59.Rxg8 Re2 60.
Rg6 Kb7 61.Kb1 Rh2 62.Rd6 Rg2 63.Rd3 Kb6 64.Rc3 Kb5 65.Rc2 Rxc2 66.Kxc2 c4
67.a4+ Kb4 68.bxc4 Kxc4 1/2-1/2

[Event "22nd EUR-ch (w)"]
[Site "Prague CZE"]
[Date "2022.08.28"]
[Round "8.39"]
[White "Zimina, Olga"]
[Black "Spanko, Nadia"]
[Result "1-0"]
[WhiteElo "2340"]
[BlackElo "2136"]
[EventDate "2022.08.20"]
[PlyCount "45"]

1.Nf3 c5 2.g3 Nf6 3.Bg2 Nc6 4.O-O d5 5.d3 Bg4 6.Nbd2 e5 7.h3 Bh5 8.e4 Be7 
9.Re1 dxe4 10.dxe4 O-O 11.c3 b5 12.a4 a6 13.g4 Bg6 14.Nh4 Ne8 15.Nf5 Nc7 
16.axb5 axb5 17.Rxa8 Nxa8 18.Nf3 Nc7 19.Be3 Ne6 20.Qd5 Qc7 21.Qxc6 Bxf5 
22.Qxc7 Nxc7 23.exf5 1-0

[Event "22nd EUR-ch (w)"]
[Site "Prague CZE"]
[Date "2022.08.28"]
[Round "8.40"]
[White "Ciolacu, Alessia-Mihaela"]
[Black "Gaal, Zsoka"]
[Result "0-1"]
[WhiteElo "2169"]
[BlackElo "2313"]
[EventDate "2022.08.20"]
[PlyCount "72"]

1.Nf3 c5 2.b3 Nc6 3.Bb2 d5 4.e3 Nf6 5.Bb5 a6 6.Bxc6+ bxc6 7.c4 Bg4 8.h3 
Bh5 9.O-O e6 10.Nc3 Bd6 11.Na4 O-O 12.d3 e5 13.e4 d4 14.Bc1 h6 15.Kh1 Rb8 
16.Rg1 Qc8 17.Ba3 Nxe4 18.dxe4 f5 19.g4 fxg4 20.Nh2 Rxf2 21.Nxg4 Kh8 22.
Bxc5 Qf8 23.Bxd6 Qxd6 24.Qe1 Rf4 25.Nb2 Bg6 26.Nf2 Rbf8 27.Nbd3 Rf3 28.Rg4
h5 29.Rg5 Qf6 30.Qg1 Bxe4 31.Nxe4 Rxh3+ 32.Qh2 Qf3+ 33.Kg1 Rxh2 34.Kxh2 
Qxe4 35.Rxh5+ Kg8 36.Rh3 Rf3 0-1